Online Catalogue and eLibrary

Voice to the Voiceless : (Record no. 3100)

MARC details
000 -LEADER
fixed length control field 00470nam a2200181Ia 4500
005 - DATE AND TIME OF LATEST TRANSACTION
control field 20240830021720.0
008 - FIXED-LENGTH DATA ELEMENTS--GENERAL INFORMATION
fixed length control field 240331s9999 xx 000 0 und d
020 ## - INTERNATIONAL STANDARD BOOK NUMBER
ISBN 817304559
082 ## - DDC Classification
Item Number - Author Mark SRA
Class No. 792
100 ## - MAIN ENTRY--PERSONAL NAME
Personal name Srampickal, J
245 #0 - TITLE STATEMENT
Title Voice to the Voiceless :
Remainder of title The power of people's theatre in India
260 ## - PUBLICATION, DISTRIBUTION, ETC.
Place of publication, distribution, etc. New Delhi
Name of publisher, distributor, etc. Manohar Publications
Date of publication, distribution, etc. 1994
300 ## - PHYSICAL DESCRIPTION
Extent (e.g. Volumes, Pages etc.) xii, 273 p .,
650 ## - SUBJECT ADDED ENTRY--TOPICAL TERM
Topical term or geographic name entry element Theatre
650 ## - SUBJECT ADDED ENTRY--TOPICAL TERM
Topical term or geographic name entry element Social
650 ## - SUBJECT ADDED ENTRY--TOPICAL TERM
Topical term or geographic name entry element Society
942 ## - Koha item type (Biblio)
Koha item type Books in Stacks (Lending)
Holdings
Lost status Damaged status Collection code Home library Current library Shelving location Date acquired Full call number Accession Number Item type
    Lending WERC Library WERC Library Social Science Cupboard 03/31/2024 792 SRA 3745 Books in Stacks (Lending)

© WERC Library